000 00463nam a2200133Ia 4500
008 151001s9999||||xx |||||||||||||| ||und||
100 _aसरोजिनी बाबर
245 _aमी पाहिलेले यशवंतराव
250 _a2
260 _bमहाराष्ट्र राज्य साहित्य संस्कुती मंडळ मुंबई
260 _c२००७
300 _a520
365 _b21
999 _c1000794
_d1000791